000
00286nam a22001337a 4500
008
171005b xxu||||| |||| 00| 0 eng d
020
_a
9780262032773
041
_a
eng
080
_a
159.9
100
_a
48
101
_a
PSI
245
_a
THE THINGS WE DO
_c
CZIKO, G
942
_2
udc
_c
BK
999
_c
31914
_d
31914